[Event "Kalamazoo op11"]
[Site "Kalamazoo"]
[Date "1999.11.20"]
[Round "2"]
[White "Moore, Robert"]
[Black "Rutgers, Randy"]
[Result "0-1"]
[WhiteElo "1600"]
[BlackElo "1575"]
[PlyCount "93"]
[EventDate "1999.11.20"]
[EventType "swiss"]
[EventRounds "3"]
[EventCountry "USA"]
[SourceTitle "EXT 2007"]
[Source "ChessBase"]
[SourceDate "2006.11.23"]
[SourceVersion "1"]
[SourceVersionDate "2006.11.23"]
[SourceQuality "1"]

1. e4 c5 2. Nf3 Nc6 3. d4 cxd4 4. Nxd4 d6 5. Nc3 Nf6 6. Bg5 Ng4 7. Be2 Qb6 8. Bxg4 Qxd4 9. Qxd4 Nxd4 10. Bd1 Be6 11. Be3 Nc6 12. Nb5 Kd7 13. c3 g6 14. Ba4 a6 15. Nd4 b5 16. Nxe6 fxe6 17. Bc2 Bg7 18. Rb1 Rac8 19. f4 e5 20. Bd1 Bh6 21. Bg4+ e6 22. g3 Na5 23. b3 Ke7 24. Rc1 exf4 25. gxf4 b4 26. c4 Nc6 27. Ke2 Rcf8 28. Rhf1 Bg7 29. e5 h5 30. exd6+ Kd7 31. Bh3 Kxd6 32. Rcd1+ Kc7 33. Bxe6 Rd8 34. f5 Bd4 35. fxg6 Rhe8 36. Rf7+ Kb6 37. Bd5 Bxe3 38. Kf1 Ne7 39. Rf6+ Kc5 40. g7 Bd4 41. g8Q Rxg8 42. Bxg8 Rxg8 43. Re6 Nf5 44. Rd3 Rg1+ 45. Ke2 Rg2+ 46. Kf1 Rxh2 47. a4 0-1